000
00340nam a2200145Ia 4500
008
230312s9999||||xx |||||||||||||| ||und||
020
_a
9789698455613
082
_a
891.4
_b
IRF-T
100
_a
عرفان حبیب
245
0
_a
ٹیپو سلطان
260
_b
Jamhori
_a
pak
_c
2014
300
_a
158
650
_a
Literature
942
_c
BK
999
_c
14874
_d
14874